Central Library OPAC University of Rajshahi

অন্য দিন আরেক জীবন / (Record no. 47142)

MARC details
000 -LEADER
fixed length control field 00758nam a2200217 a 4500
001 - CONTROL NUMBER
control field 47142
003 - CONTROL NUMBER IDENTIFIER
rucl marc code BD-RjUL
005 - DATE AND TIME OF LATEST TRANSACTION
control field 20220602123451.0
008 - FIXED-LENGTH DATA ELEMENTS--GENERAL INFORMATION
fixed length control field 160807s1968 bg ||||| |||| 00| 0 ben d
035 ## - SYSTEM CONTROL NUMBER
System control number (BD-RjUL)47261
040 ## - CATALOGING SOURCE
Original cataloging agency BD-RjUL
Language of cataloging ben
Transcribing agency BD-RjUL
Modifying agency BD-RjUL
041 ## - LANGUAGE CODE
Language code of text/sound track or separate title ben
082 ## - DEWEY DECIMAL CLASSIFICATION NUMBER
Edition number 23
Classification number 331.128
Author mark and year AKO 1968
100 ## - MAIN ENTRY--PERSONAL NAME
Personal name আখন্দ, সাদত আলী
9 (RLIN) 143552
245 10 - TITLE STATEMENT
Title অন্য দিন আরেক জীবন /
Statement of responsibility, etc. সাদত আলী আখন্দ
260 ## - PUBLICATION, DISTRIBUTION, ETC. (IMPRINT)
Place of publication, distribution, etc. রাজশাহী :
Name of publisher, distributor, etc. মিত্র সংঘ,
Date of publication, distribution, etc. ১৯৬৮
300 ## - PHYSICAL DESCRIPTION
Pagination ৪৫৭ পৃ. ;
Size ২৬ সেমি.
650 ## - SUBJECT ADDED ENTRY--TOPICAL TERM
Topical term or geographic name as entry element কর্মচারী পরিষেবা
9 (RLIN) 143553
Topical term or geographic name as entry element Employee Service
9 (RLIN) 143554
942 ## - ADDED ENTRY ELEMENTS (KOHA)
Source of classification or shelving scheme Dewey Decimal Classification
Koha item type Books
Holdings
Lost status Source of classification or shelving scheme Damaged status Not for loan Collection code Permanent Location Current Location Shelving location Date acquired Source of acquisition Cost, normal purchase price Total Checkouts Full call number Date last seen Copy number Koha item type
  Dewey Decimal Classification     Non-fiction Central Library, University of Rajshahi Central Library, University of Rajshahi   02/10/1969 Sahitykutir 8.00   B 331.128 AKO 1968 07/08/2016 C-2 Books
  Dewey Decimal Classification     Non-fiction Central Library, University of Rajshahi Central Library, University of Rajshahi   02/10/1969 Sahity kuthir 8.00   B 331.128 AKO 1968 08/08/2016 C-3 Books
  Dewey Decimal Classification     Non-fiction Central Library, University of Rajshahi Central Library, University of Rajshahi   02/10/1969 Sahity kuthir 8.00   B 331.128 AKO 1968 08/08/2016 C-4 Books
  Dewey Decimal Classification   Not For Loan Non-fiction Central Library, University of Rajshahi Central Library, University of Rajshahi Reading Room 02/10/1969 Sahity kuthir 8.00   B 331.128 AKO 1968 04/02/2017 C-1 Books
  Dewey Decimal Classification     Non-fiction Central Library, University of Rajshahi Central Library, University of Rajshahi General Stacks 02/10/1969 Sahity kuthir 18.00   B 331.128 AKO 1968 02/06/2022 C-5 Books